| 000 | 00367nam a22001337a 4500 | ||
|---|---|---|---|
| 082 |
_a355.009 _bREG _cD |
||
| 110 |
_aServices Book Club _937965 |
||
| 245 | _aThe guinness book of more military blunders | ||
| 260 |
_aLahore: _bGuinness Publishing, _c1999. |
||
| 300 | _a188 p. : | ||
| 526 |
_a0 _b0 _c0 _d355_009000000000000_REG |
||
| 650 |
_aMCE _9379 |
||
| 942 |
_2ddc _cBK |
||
| 999 |
_c542688 _d542688 |
||